00731nam a2200217 i 450000100060000000300090000600500170001500700030003200800410003502000180007604000220009408000220011610000320013824500750017026000940024530000210033949000260036071000680038683000260045485200330048013913ES-MaACL20230906150705.0t|961002s1996 sp ||||0| spa j a84-921818-0-X aM-BN bspa cM-BN a860(728.6)-31"19"1 aDurán Ayanegui, Fernando.14aLas estirpes de Montánchez b: novela / cFernando Durán Ayanegui. aCáceres : bCentro Extremeño de Estudios y Cooperación Iberoamericanos,cD.L. 1996. a118 p ; c22 cm.1 aExtremadura América2 aCentro Extremeño de Estudios y Cooperación Iberoamericanos.0 aExtremadura América aES-MaACLjL-21092 bR.125431